| 000 | 00000nas 2200000zi 4500 |
| 001 | 9.874351 |
| 003 | CaOODSP |
| 005 | 20250509081915 |
| 006 | m o d f |
| 007 | cr ||||||||||| |
| 008 | 190603d18631884qucan p o f0###a0fre|d |
| 022 | # |y1204-8259 |
| 040 | |aCaOODSP|bfre|erda|cCaOODSP |
| 041 | 1 |afre|heng |
| 043 | |an-cn--- |
| 086 | 1 |aM41-1/1F-PDF |
| 245 | 00|aRapport des opérations de … / |cExploration géologique du Canada. |
| 246 | 3 |aExploration géologique du Canada, rapport des opérations |
| 264 | 1|aMontréal : |bExploration géologique du Canada, |c[1866]-[1884]. |
| 300 | |a1 ressource en ligne (volumes) : |billustrations, cartes |
| 310 | |aAnnuel |
| 336 | |atexte|btxt|2rdacontent/fre |
| 337 | |ainformatique|bc|2rdamedia/fre |
| 338 | |aressource en ligne|bcr|2rdacarrier/fre |
| 362 | 1 |aParaît depuis la livraison de: 1863 à 1866? |
| 500 | |aÉdition numérisée de l’imprimée. |
| 500 | |aPublié aussi en anglais sous le titre : Report of progress - Geological Survey of Canada. |
| 550 | |aPublié par le département sous son nom antérieur: Commission géologique et d'histoire naturelle du Canada, <1876>-<1884>. |
| 580 | |aFait suite à : Rapport de progrès pour l'année - Exploration géologique du Canada. |
| 580 | |aSuivi de : Rapport annuel - Commission géologique du Canada. |
| 588 | |aDescription d'après : 1863 à 1866. |
| 692 | 07|2gccst|aGéologie |
| 692 | 07|2gccst|aPaléontologie |
| 692 | 07|2gccst|aMinerai |
| 710 | 1 |aCanada. |bRessources naturelles Canada. |
| 710 | 2 |aCommission géologique et d'histoire naturelle du Canada. |
| 710 | 2 |aCommission géologique du Canada. |
| 780 | 00|tRapport de progrès pour l'année … / |w(CaOODSP)9.874343 |